[Event "Groningen Combinatie op"]
[Site "Groningen"]
[Date "2018.05.13"]
[Round "6"]
[White "Elgersma, Simon"]
[Black "Van der Graaf, Jaap"]
[Result "1-0"]
[WhiteElo "2239"]
[BlackElo "1634"]
[PlyCount "57"]
[EventDate "2018.05.10"]
[EventType "swiss"]
[EventRounds "7"]
[EventCountry "NED"]
[SourceTitle "CBM 184 Extra"]
[Source "ChessBase"]
[SourceDate "2018.06.28"]
[SourceVersion "1"]
[SourceVersionDate "2018.06.28"]
[SourceQuality "1"]

1. e4 Nf6 2. e5 Nd5 3. d4 d6 4. c4 Nb6 5. exd6 exd6 6. Nc3 Bf5 7. Bd3 Qe7+ 8. Nge2 Qe6 9. d5 Qg6 10. Nf4 Qf6 11. Bxf5 Qxf5 12. 0-0 Be7 13. Re1 N8d7 14. Nb5 Kd8 15. Nxc7 Kxc7 16. Rxe7 Rae8 17. Rxe8 Rxe8 18. Be3 Ne5 19. b3 Ng4 20. Bxb6+ axb6 21. Nd3 Qf6 22. h3 Ne5 23. Ne1 Ng6 24. Rb1 Nf4 25. Qf3 Qg6 26. Rd1 Qg5 27. h4 Qf6 28. g3 Rxe1+ 29. Rxe1 1-0

[Event "Groningen op-B 55th"]
[Site "Groningen"]
[Date "2017.12.23"]
[Round "2"]
[White "De Jongh, Benno"]
[Black "Van der Graaf, Jaap"]
[Result "1-0"]
[WhiteElo "1957"]
[BlackElo "1775"]
[PlyCount "103"]
[EventDate "2017.12.22"]
[EventType "swiss"]
[EventRounds "9"]
[EventCountry "NED"]
[SourceTitle "CBM 182 Extra"]
[Source "ChessBase"]
[SourceDate "2018.02.23"]
[SourceVersion "1"]
[SourceVersionDate "2018.02.23"]
[SourceQuality "1"]

1. Nf3 e6 2. c4 d5 3. e3 c6 4. Nc3 Bd6 5. b3 Nd7 6. Qc2 Ngf6 7. Bb2 Ne5 8. Nxe5 Bxe5 9. f4 Bd6 10. Be2 Qc7 11. Rc1 Qe7 12. 0-0 h5 13. Qd1 e5 14. cxd5 cxd5 15. Nb5 exf4 16. Nxd6+ Qxd6 17. Bxf6 gxf6 18. Rxf4 Ke7 19. Qc2 f5 20. Bd3 Bd7 21. Qc7 Rac8 22. Qxd6+ Kxd6 23. Rxc8 Rxc8 24. Kf2 Ke5 25. Rh4 Rh8 26. Be2 f6 27. g3 Be8 28. Rb4 Bc6 29. Bd3 Rh7 30. Rf4 Bd7 31. Rh4 Be8 32. g4 Rg7 33. gxh5 Rh7 34. h6 Bf7 35. Kg3 Bg6 36. Kf2 Rh8 37. a4 a5 38. Kg2 Rg8 39. Kf3 Rh8 40. Bb1 b6 41. Bd3 Rh7 42. Ba6 Rc7 43. b4 Ke6 44. bxa5 bxa5 45. Bb5 Rh7 46. Kf4 Rh8 47. Bd3 Rb8 48. Bb5 Rh8 49. Ba6 Kd6 50. Bd3 Rb8 51. Bxf5 Rb4+ 52. d4 1-0